<?xml version="1.0" encoding="UTF-8"?>
<record
    xmlns:xsi="http://www.w3.org/2001/XMLSchema-instance"
    xsi:schemaLocation="http://www.loc.gov/MARC21/slim http://www.loc.gov/standards/marcxml/schema/MARC21slim.xsd"
    xmlns="http://www.loc.gov/MARC21/slim">

  <leader>03365nam a2200577Ia 4500</leader>
  <controlfield tag="001">2049</controlfield>
  <controlfield tag="008">241029s9999    xx            000 0 und d</controlfield>
  <datafield tag="010" ind1=" " ind2=" ">
    <subfield code="a">1919</subfield>
  </datafield>
  <datafield tag="041" ind1=" " ind2=" ">
    <subfield code="a">Espa&#xF1;ol</subfield>
  </datafield>
  <datafield tag="082" ind1=" " ind2=" ">
    <subfield code="a">MA-ES 0027 FH 2006</subfield>
  </datafield>
  <datafield tag="245" ind1=" " ind2="0">
    <subfield code="a">Factores que afectan el proceso ense&#xF1;anza-aprendizaje en las Escuelas de Derecho de las Universidades Andrag&#xF3;gicas del Distrito Nacional: UTE Y UNEFA. A&#xF1;o 2005</subfield>
  </datafield>
  <datafield tag="260" ind1=" " ind2=" ">
    <subfield code="a">Santo Domingo</subfield>
  </datafield>
  <datafield tag="300" ind1=" " ind2=" ">
    <subfield code="a">93</subfield>
  </datafield>
  <datafield tag="520" ind1=" " ind2=" ">
    <subfield code="a">12</subfield>
  </datafield>
  <datafield tag="630" ind1=" " ind2=" ">
    <subfield code="a">Aprendizaje Significativo</subfield>
  </datafield>
  <datafield tag="630" ind1=" " ind2=" ">
    <subfield code="a">Docentes</subfield>
  </datafield>
  <datafield tag="630" ind1=" " ind2=" ">
    <subfield code="a">Educaci&#xF3;n</subfield>
  </datafield>
  <datafield tag="630" ind1=" " ind2=" ">
    <subfield code="a">Estudiantes</subfield>
  </datafield>
  <datafield tag="630" ind1=" " ind2=" ">
    <subfield code="a">Proceso de Ense&#xF1;anza-Aprendizaje</subfield>
  </datafield>
  <datafield tag="650" ind1=" " ind2=" ">
    <subfield code="a">Educaci&#xF3;n de Adultos</subfield>
  </datafield>
  <datafield tag="690" ind1=" " ind2=" ">
    <subfield code="a">Elaborado</subfield>
  </datafield>
  <datafield tag="700" ind1=" " ind2=" ">
    <subfield code="e">asesor</subfield>
    <subfield code="a">Acosta P&#xE9;rez, Francisco </subfield>
  </datafield>
  <datafield tag="700" ind1=" " ind2=" ">
    <subfield code="e">autor</subfield>
    <subfield code="a">Marmolejos Santana, H&#xE9;ctor D.</subfield>
  </datafield>
  <datafield tag="700" ind1=" " ind2=" ">
    <subfield code="e">autor</subfield>
    <subfield code="a">Ram&#xED;rez, Fernando </subfield>
  </datafield>
  <datafield tag="901" ind1=" " ind2=" ">
    <subfield code="a">{"1":"Marmolejos Santana","2":"Ram&#xED;rez"}</subfield>
    <subfield code="b">{"1":"H&#xE9;ctor D.","2":"Fernando "}</subfield>
  </datafield>
  <datafield tag="902" ind1=" " ind2=" ">
    <subfield code="a">1</subfield>
  </datafield>
  <datafield tag="903" ind1=" " ind2=" ">
    <subfield code="a">{"1":"Acosta P&#xE9;rez"}</subfield>
    <subfield code="b">{"1":"Francisco "}</subfield>
  </datafield>
  <datafield tag="904" ind1=" " ind2=" ">
    <subfield code="a">Maestr&#xED;a en</subfield>
  </datafield>
  <datafield tag="905" ind1=" " ind2=" ">
    <subfield code="a">Ense&#xF1;anza Superior</subfield>
  </datafield>
  <datafield tag="906" ind1=" " ind2=" ">
    <subfield code="a">2</subfield>
  </datafield>
  <datafield tag="907" ind1=" " ind2=" ">
    <subfield code="a">NO APLICA</subfield>
  </datafield>
  <datafield tag="908" ind1=" " ind2=" ">
    <subfield code="a">NO APLICA</subfield>
  </datafield>
  <datafield tag="909" ind1=" " ind2=" ">
    <subfield code="a">Universidad Aut&#xF3;noma de Santo Domingo (UASD)</subfield>
  </datafield>
  <datafield tag="910" ind1=" " ind2=" ">
    <subfield code="a">NULL</subfield>
    <subfield code="b">NULL</subfield>
  </datafield>
  <datafield tag="911" ind1=" " ind2=" ">
    <subfield code="a">["1"]</subfield>
  </datafield>
  <datafield tag="912" ind1=" " ind2=" ">
    <subfield code="a">NO APLICA</subfield>
  </datafield>
  <datafield tag="913" ind1=" " ind2=" ">
    <subfield code="a">NULL</subfield>
  </datafield>
  <datafield tag="914" ind1=" " ind2=" ">
    <subfield code="a">01 de Marzo de 2006</subfield>
  </datafield>
  <datafield tag="915" ind1=" " ind2=" ">
    <subfield code="a">12/07/15 06:07</subfield>
  </datafield>
  <datafield tag="916" ind1=" " ind2=" ">
    <subfield code="a">NULL</subfield>
  </datafield>
  <datafield tag="917" ind1=" " ind2=" ">
    <subfield code="a">NULL</subfield>
  </datafield>
  <datafield tag="918" ind1=" " ind2=" ">
    <subfield code="a">Educaci&#xF3;n para adultos</subfield>
  </datafield>
  <datafield tag="919" ind1=" " ind2=" ">
    <subfield code="a">["20","70","72","96","163"]</subfield>
  </datafield>
  <datafield tag="520" ind1=" " ind2=" ">
    <subfield code="a">El prop&#xF3;sito principal de este estudio consisti&#xF3; en determinar los factores que afectan el proceso ense&#xF1;anza-aprendizaje en las Escuelas de Derecho, de las Universidades Andrag&#xF3;gicas del Distrito Nacional: UTE y UNEFA, a la vez identificar el sistema de evaluaci&#xF3;n que implementan para determinar el nivel de aprendizaje de los alumnos. &#xA0;Se trat&#xF3; de una investigaci&#xF3;n de tipo descriptiva, documental, de campo, anal&#xED;tica, sint&#xE9;tica y comparativa.Las t&#xE9;cnicas empleadas fueron la encuesta, la observaci&#xF3;n, las entrevistas y el an&#xE1;lisis documental. &#xA0;Se trabaj&#xF3; con la &#xA0;poblaci&#xF3;n conformada por la Universidad F&#xE9;lix Adam y la Universidad &#xA0;de la Tercera Edad, tomando de &#xA0;la F&#xE9;lix Adam una muestra de 30 estudiantes de nuevo ingreso y 30 estudiantes de termino, de igual manera se procedi&#xF3; con la Universidad de la Tercera Edad, en cuanto a la poblaci&#xF3;n de maestros se tom&#xF3; la totalidad de 48.El estudio concluye que el an&#xE1;lisis de las informaciones procedentes del trabajo de campo pone de manifiesto la no pertinencia de los mecanismos evaluativos, la pobreza intelectual, el tiempo disponible para los estudios y el n&#xFA;mero insuficiente de horas presenciales en el proceso de ense&#xF1;anza mediante la modalidad andrag&#xF3;gica. &#xA0;Dentro de los procesos para evaluar el aprendizaje predominan: la realizaci&#xF3;n de seminarios, la autoevaluaci&#xF3;n y la coevaluaci&#xF3;n. &#xA0;Se trata de procedimientos evaluativos que en el sistema educativo dominicano resultan infuncionales.Se recomienda incentivar el cultivo del intelecto entre los estudiantes que ingresan a estas universidades. &#xA0;Someter a los estudiantes a un proceso evaluativo, vigilado por los profesores de cada asignatura para asegurar la fiabilidad de las pruebas.</subfield>
  </datafield>
  <datafield tag="921" ind1=" " ind2=" ">
    <subfield code="a">16</subfield>
  </datafield>
  <datafield tag="922" ind1=" " ind2=" ">
    <subfield code="a">16</subfield>
  </datafield>
  <datafield tag="923" ind1=" " ind2=" ">
    <subfield code="a">0</subfield>
  </datafield>
  <datafield tag="924" ind1=" " ind2=" ">
    <subfield code="a">NO APLICA</subfield>
  </datafield>
  <datafield tag="942" ind1=" " ind2=" ">
    <subfield code="c">Tesis</subfield>
  </datafield>
  <datafield tag="999" ind1=" " ind2=" ">
    <subfield code="c">1919</subfield>
    <subfield code="d">1919</subfield>
  </datafield>
</record>
